Normal view
MARC view
- Abdullah Aman Khan
Entry Personal Name
001 - CONTROL NUMBER
- control field: 15480
003 - CONTROL NUMBER IDENTIFIER
- control field: NUST
005 - DATE AND TIME OF LATEST TRANSACTION
- control field: 20190625063434.0
008 - FIXED-LENGTH DATA ELEMENTS
- fixed length control field: 190625|| aca||aabn | a|a d
040 ## - CATALOGING SOURCE
- Original cataloging agency: NUST
- Transcribing agency: NUST
100 ## - HEADING--PERSONAL NAME
- Personal name: Abdullah Aman Khan
670 ## - SOURCE DATA FOUND
- Source citation: Work cat.: (NUST): Abdullah Aman Khan , Architecture and Digital Design of a Flexible Correlation filter Processor /, 2014.
